Taylor Swift - Paroles But Daddy I Love Him - Statistiques

Statistiques générales
  • Ce quiz a été pris 126 fois
  • Le résultat moyen est 353 sur 499
Statistiques - réponses
Hint Réponse % Correct
Couplet 1 I
100%
Refrain Refrain
100%
Daddy
99%
love
99%
you
99%
You
99%
you –
99%
him!"
98%
him
98%
my
98%
No,
98%
not,
98%
not
98%
not!
98%
a
96%
"But
96%
but
96%
But
96%
your
96%
baby
95%
I'm
95%
should
95%
Should
95%
the
95%
The
95%
having
94%
his
94%
on
94%
see
94%
faces
93%
Screaming
93%
to
93%
and
90%
Refrain And
90%
dress
90%
one
89%
it
88%
For
86%
for
86%
Who
86%
when
85%
He
84%
he
84%
this
84%
want
84%
Then
83%
Refrain Now
81%
now
81%
running
81%
with
81%
was
80%
we
80%
We
80%
forget
79%
It's
79%
it's
79%
Pré-refrain Too
79%
too
79%
me
78%
Me
78%
whole
78%
ever
77%
of
77%
Of
77%
fun
75%
know
75%
they
75%
They
75%
he's
74%
how
74%
just
74%
Just
74%
people
74%
tell
74%
all
73%
All
73%
girl
73%
Bridge God
73%
in
73%
above
72%
best
72%
if
72%
If
72%
unbuttoned
72%
cage
70%
crazy
70%
Down
70%
down
70%
right
70%
rise
70%
save
70%
simple
70%
door
69%
Post-refrain I'll
69%
life
69%
something
69%
horse
68%
these
68%
West
68%
"What
68%
...cause
67%
coming
67%
high
67%
I'd
67%
only
67%
slammed
67%
world
67%
thing
65%
burn
64%
rather
64%
listen
63%
raise
63%
senses
63%
wanted
63%
hate
62%
try
62%
more
60%
Sunday
60%
good
59%
never
59%
Sarahs
59%
Than
59%
won
59%
Hannahs
58%
is
58%
most
58%
name
58%
fences
57%
mess"
57%
second
57%
about
56%
chaos,
56%
pray
56%
say
56%
learned
54%
choice
53%
from
52%
her"
52%
mine
52%
heart
51%
much
51%
oh
51%
disgrace
48%
does
48%
don't
48%
moaning
48%
their
48%
what's
48%
words
48%
at
47%
away
47%
knows
47%
Pré-refrain "Stay
47%
that
47%
through
47%
beat
46%
floor
46%
touches
46%
ain't
44%
can
44%
gotta
44%
telling
44%
wild
44%
change
43%
Lord
43%
performing
43%
protested
43%
true
43%
city
42%
destiny
42%
town
42%
up
42%
vipers
42%
boy
41%
alone
40%
hall
40%
lot
40%
Couplet 3 There's
40%
Thinking
40%
like
38%
over.
38%
dressed
37%
heard
37%
joy
37%
noise
37%
noise,
37%
were
37%
white
37%
came
36%
gray
36%
undo
36%
Growing
35%
growing
35%
into
35%
judgmental
35%
pearls,
35%
revelry
35%
sighing
33%
around
32%
clothing
32%
creeps
32%
had
32%
plans
32%
remedy
32%
saboteurs
32%
chemistry
31%
Clutching
31%
daughter,
31%
elders
31%
eyes
31%
out
31%
soliloquies
31%
Soon
31%
back
30%
Bedroom
30%
empath's
30%
enough
30%
means
30%
sometimes
30%
laid
28%
Sanctimoniously
28%
cater
27%
parents
27%
heat
26%
lovers
26%
closer
25%
precocious
25%
Went
25%
braid
23%
brings
23%
Couplet 2 Dutiful
23%
screeching
23%
smiles
23%
tires
23%
are
22%
fakest
22%
counteract
21%
still
21%
woven
21%
funny
20%
holding
20%
things
20%
tucked
20%
convened
19%
moms
19%
Scandal
19%
died
17%
pride
17%
Tendrils
17%
upon
16%
Bestow
14%
wine
12%
griping
5%
Aucun quiz correspondant
Distribution des résultats
% des personnes avec chaque résultat
Percentile par nombre de réponses
Votre historique - résultats
Vous n’avez pas pris ce quiz